000 00637nam a2200277Ia 4500
005 20260324131854.0
008 008 260324s9999 xx 000 0 eng d
020 _a9780080476407
037 _aEBOOK
040 _aCRL
040 _beng
040 _cCRL
041 _2eng
041 _aeng
084 _qCRL
100 _aChris Tooke; Brian Porter
_91181923
245 0 _aCarpentry and Joinery 2
260 _bTaylor and Francis
260 _c2005
365 _a
365 _b305
856 _uhttp://www.taylorfrancis.com/books/9780080476407
942 _cEBOOK
999 _c1784710
_d1784710